[Event "ODJM B 2023"]
[Site "Willingen GER"]
[Date "2023.06.02"]
[Round "8"]
[White "Groessing, Daniel-Yosuke"]
[Black "Pimenov, Danil"]
[Result "0-1"]
[Termination "normal"]
[Board "4"]
[WhiteElo "1615"]
[BlackElo "1488"]
[WhiteClock "00:00:44"]
[BlackClock "00:24:52"]
[PlyCount "77"]
[WhiteFideId "1682237"]
[BlackFideId "34600248"]
[EventCountry "GER"]
[EventRounds "9"]
[EventType "swiss"]
[EventDate "2023.05.27"]

1. d4 {[%clk 01:30:52]} {[%emt 00:00:07]} Nf6 {[%clk 01:30:55]} {[%emt
00:00:05]} 2. Nf3 {[%clk 01:31:11]} {[%emt 00:00:11]} g6 {[%clk 01:31:20]}
{[%emt 00:00:05]} 3. c4 {[%clk 01:31:34]} {[%emt 00:00:08]} Bg7 {[%clk
01:31:43]} {[%emt 00:00:06]} 4. Nc3 {[%clk 01:31:54]} {[%emt 00:00:10]} O-O
{[%clk 01:32:07]} {[%emt 00:00:07]} 5. e4 {[%clk 01:32:10]} {[%emt 00:00:14]}
d6 {[%clk 01:32:32]} {[%emt 00:00:05]} 6. h3 {[%clk 01:31:59]} {[%emt
00:00:40]} e5 {[%clk 01:32:31]} {[%emt 00:00:32]} 7. d5 {[%clk 01:32:21]}
{[%emt 00:00:08]} a5 {[%clk 01:32:55]} {[%emt 00:00:06]} 8. Bg5 {[%clk
01:31:16]} {[%emt 00:01:34]} h6 {[%clk 01:32:08]} {[%emt 00:01:18]} 9. Be3
{[%clk 01:30:13]} {[%emt 00:01:33]} Na6 {[%clk 01:31:21]} {[%emt 00:01:17]} 10.
Be2 {[%clk 01:23:53]} {[%emt 00:06:49]} Nc5 {[%clk 01:29:16]} {[%emt 00:02:35]}
11. Nd2 {[%clk 01:21:16]} {[%emt 00:03:07]} Ne8 {[%clk 01:25:20]} {[%emt
00:04:27]} 12. O-O {[%clk 01:20:44]} {[%emt 00:01:01]} f5 {[%clk 01:23:39]}
{[%emt 00:02:11]} 13. f3 {[%clk 01:20:01]} {[%emt 00:01:13]} f4 {[%clk
01:18:56]} {[%emt 00:05:13]} 14. Bf2 {[%clk 01:16:00]} {[%emt 00:04:23]} g5
{[%clk 01:15:59]} {[%emt 00:03:35]} 15. a3 {[%clk 01:11:49]} {[%emt 00:04:41]}
b6 {[%clk 01:11:45]} {[%emt 00:04:44]} 16. b4 {[%clk 01:05:52]} {[%emt
00:06:27]} axb4 {[%clk 01:11:35]} {[%emt 00:00:41]} 17. axb4 {[%clk 01:06:10]}
{[%emt 00:00:12]} Rxa1 {[%clk 01:11:56]} {[%emt 00:00:08]} 18. Qxa1 {[%clk
01:06:30]} {[%emt 00:00:10]} Nd7 {[%clk 01:09:35]} {[%emt 00:02:51]} 19. Qa7
{[%clk 00:58:00]} {[%emt 00:08:59]} Ndf6 {[%clk 01:06:55]} {[%emt 00:03:11]}
20. Qa8 {[%clk 00:53:44]} {[%emt 00:04:46]} Nh5 {[%clk 01:04:55]} {[%emt
00:02:29]} 21. Nb5 {[%clk 00:49:40]} {[%emt 00:04:35]} Ng3 {[%clk 00:41:28]}
{[%emt 00:23:57]} 22. Bxg3 {[%clk 00:44:46]} {[%emt 00:05:24]} fxg3 {[%clk
00:41:49]} {[%emt 00:00:09]} 23. Ra1 {[%clk 00:44:24]} {[%emt 00:00:52]} g4
{[%clk 00:39:38]} {[%emt 00:02:41]} 24. Na7 {[%clk 00:29:16]} {[%emt 00:15:36]}
Qg5 {[%clk 00:37:42]} {[%emt 00:02:28]} 25. Nxc8 {[%clk 00:18:58]} {[%emt
00:10:49]} Qxd2 {[%clk 00:36:40]} {[%emt 00:01:32]} 26. Qa2 {[%clk 00:19:06]}
{[%emt 00:00:22]} Qe3+ {[%clk 00:33:42]} {[%emt 00:03:27]} 27. Kh1 {[%clk
00:19:10]} {[%emt 00:00:24]} gxh3 {[%clk 00:34:01]} {[%emt 00:00:13]} 28. Rf1
{[%clk 00:15:07]} {[%emt 00:04:31]} hxg2+ {[%clk 00:32:32]} {[%emt 00:02:01]}
29. Kxg2 {[%clk 00:15:17]} {[%emt 00:00:21]} Nf6 {[%clk 00:29:20]} {[%emt
00:03:41]} 30. Ne7+ {[%clk 00:13:50]} {[%emt 00:01:57]} Kh7 {[%clk 00:29:15]}
{[%emt 00:00:34]} 31. Nf5 {[%clk 00:14:04]} {[%emt 00:00:17]} Qg5 {[%clk
00:29:17]} {[%emt 00:00:28]} 32. Rh1 {[%clk 00:03:31]} {[%emt 00:11:04]} Nh5
{[%clk 00:29:09]} {[%emt 00:00:37]} 33. Rxh5 {[%clk 00:01:55]} {[%emt
00:02:07]} Qxh5 {[%clk 00:29:31]} {[%emt 00:00:07]} 34. Nxg3 {[%clk 00:02:19]}
{[%emt 00:00:06]} Qg5 {[%clk 00:29:37]} {[%emt 00:00:24]} 35. Qa7 {[%clk
00:02:19]} {[%emt 00:00:31]} Rf7 {[%clk 00:29:33]} {[%emt 00:00:34]} 36. c5
{[%clk 00:02:00]} {[%emt 00:00:49]} bxc5 {[%clk 00:29:21]} {[%emt 00:00:41]}
37. b5 {[%clk 00:01:40]} {[%emt 00:00:51]} Qg6 {[%clk 00:28:19]} {[%emt
00:01:31]} 38. Kf2 {[%clk 00:00:44]} {[%emt 00:01:27]} c6 {[%clk 00:24:52]}
{[%emt 00:03:56]} 39. dxc6 {[%emt 00:00:55]} 0-1

[Event "ODJM B 2023"]
[Site "Willingen GER"]
[Date "2023.06.02"]
[Round "8"]
[White "Holzwarth, Felix"]
[Black "Werner, Florin"]
[Result "0-1"]
[Termination "normal"]
[Board "5"]
[WhiteElo "1591"]
[BlackElo "1678"]
[WhiteClock "00:57:45"]
[BlackClock "00:17:24"]
[PlyCount "78"]
[WhiteFideId "34621377"]
[BlackFideId "16250230"]
[EventCountry "GER"]
[EventRounds "9"]
[EventType "swiss"]
[EventDate "2023.05.27"]

1. e4 {[%clk 01:30:58]} {[%emt 00:00:01]} e6 {[%clk 01:30:25]} {[%emt
00:00:35]} 2. d4 {[%clk 01:31:24]} {[%emt 00:00:04]} d5 {[%clk 01:30:44]}
{[%emt 00:00:11]} 3. Nc3 {[%clk 01:31:50]} {[%emt 00:00:04]} Nf6 {[%clk
01:31:04]} {[%emt 00:00:10]} 4. Bg5 {[%clk 01:32:13]} {[%emt 00:00:07]} Be7
{[%clk 01:31:22]} {[%emt 00:00:12]} 5. e5 {[%clk 01:32:39]} {[%emt 00:00:04]}
Nfd7 {[%clk 01:31:46]} {[%emt 00:00:06]} 6. h4 {[%clk 01:33:05]} {[%emt
00:00:04]} h6 {[%clk 01:30:58]} {[%emt 00:01:18]} 7. Bxe7 {[%clk 01:33:20]}
{[%emt 00:00:14]} Qxe7 {[%clk 01:31:24]} {[%emt 00:00:05]} 8. f4 {[%clk
01:33:45]} {[%emt 00:00:05]} a6 {[%clk 01:30:14]} {[%emt 00:01:40]} 9. g4
{[%clk 01:33:59]} {[%emt 00:00:15]} c5 {[%clk 01:30:20]} {[%emt 00:00:25]} 10.
Nf3 {[%clk 01:34:11]} {[%emt 00:00:18]} Nc6 {[%clk 01:30:21]} {[%emt 00:00:29]}
11. Qd2 {[%clk 01:34:34]} {[%emt 00:00:07]} Rb8 {[%clk 01:26:02]} {[%emt
00:04:49]} 12. a4 {[%clk 01:29:31]} {[%emt 00:05:33]} cxd4 {[%clk 01:21:36]}
{[%emt 00:04:56]} 13. Nxd4 {[%clk 01:28:42]} {[%emt 00:01:20]} Qb4 {[%clk
01:20:50]} {[%emt 00:01:15]} 14. Nb3 {[%clk 01:28:43]} {[%emt 00:00:28]} Nc5
{[%clk 01:20:11]} {[%emt 00:01:11]} 15. Nxc5 {[%clk 01:28:53]} {[%emt
00:00:20]} Qxc5 {[%clk 01:20:33]} {[%emt 00:00:08]} 16. O-O-O {[%clk 01:28:31]}
{[%emt 00:00:51]} b5 {[%clk 01:19:35]} {[%emt 00:01:29]} 17. axb5 {[%clk
01:27:40]} {[%emt 00:01:20]} axb5 {[%clk 01:20:00]} {[%emt 00:00:06]} 18. Nxb5
{[%clk 01:27:55]} {[%emt 00:00:15]} Rxb5 {[%clk 01:20:13]} {[%emt 00:00:17]}
19. Bxb5 {[%clk 01:28:18]} {[%emt 00:00:06]} Qxb5 {[%clk 01:20:40]} {[%emt
00:00:03]} 20. Rh3 {[%clk 01:28:30]} {[%emt 00:00:17]} Na5 {[%clk 01:16:59]}
{[%emt 00:04:13]} 21. g5 {[%clk 01:13:52]} {[%emt 00:15:08]} Nc4 {[%clk
00:54:25]} {[%emt 00:23:03]} 22. Qc3 {[%clk 01:14:09]} {[%emt 00:00:13]} Bd7
{[%clk 00:51:52]} {[%emt 00:03:04]} 23. b3 {[%clk 01:12:11]} {[%emt 00:02:28]}
Na5 {[%clk 00:49:57]} {[%emt 00:02:24]} 24. Qg3 {[%clk 01:10:24]} {[%emt
00:02:17]} Qb4 {[%clk 00:27:20]} {[%emt 00:23:07]} 25. g6 {[%emt 00:17:05]} O-O
{[%clk 00:21:40]} 26. gxf7+ {[%clk 00:59:14]} {[%emt 00:01:13]} Rxf7 {[%clk
00:22:02]} {[%emt 00:00:09]} 27. Rg1 {[%clk 00:58:39]} {[%emt 00:01:05]} Qxf4+
{[%clk 00:21:54]} {[%emt 00:00:39]} 28. Qxf4 {[%clk 00:59:00]} {[%emt
00:00:08]} Rxf4 {[%clk 00:22:21]} {[%emt 00:00:03]} 29. Rhg3 {[%clk 00:59:13]}
{[%emt 00:00:17]} Rf7 {[%clk 00:22:47]} {[%emt 00:00:05]} 30. Kb2 {[%clk
00:58:25]} {[%emt 00:01:17]} Nc6 {[%clk 00:20:38]} {[%emt 00:02:39]} 31. Re1
{[%clk 00:58:32]} {[%emt 00:00:23]} Kh7 {[%clk 00:20:05]} {[%emt 00:01:03]} 32.
h5 {[%clk 00:58:01]} {[%emt 00:01:01]} Be8 {[%clk 00:20:04]} {[%emt 00:00:31]}
33. c3 {[%clk 00:56:44]} {[%emt 00:01:47]} Rf2+ {[%clk 00:19:11]} {[%emt
00:01:23]} 34. Ka3 {[%clk 00:57:12]} {[%emt 00:00:01]} Bxh5 {[%clk 00:19:05]}
{[%emt 00:00:37]} 35. b4 {[%clk 00:57:28]} {[%emt 00:00:13]} Rf5 {[%clk
00:17:37]} {[%emt 00:01:58]} 36. Rge3 {[%clk 00:57:34]} {[%emt 00:00:24]} Rf4
{[%clk 00:16:39]} {[%emt 00:01:29]} 37. Ka4 {[%clk 00:57:14]} {[%emt 00:00:50]}
Be8 {[%clk 00:16:56]} {[%emt 00:00:13]} 38. Kb5 {[%clk 00:57:26]} {[%emt
00:00:16]} Nxb4+ {[%clk 00:17:09]} {[%emt 00:00:19]} 39. Kc5 {[%clk 00:57:45]}
{[%emt 00:00:11]} Nc2 {[%clk 00:17:24]} {[%emt 00:00:15]} 0-1

[Event "ODJM B 2023"]
[Site "Willingen GER"]
[Date "2023.06.02"]
[Round "8"]
[White "Khanbekyan, Areg"]
[Black "Ermert, Karl Hans Ragnar"]
[Result "1/2-1/2"]
[Termination "normal"]
[Board "6"]
[WhiteElo "1606"]
[BlackElo "1584"]
[WhiteClock "00:01:18"]
[BlackClock "00:04:35"]
[PlyCount "117"]
[WhiteFideId "12993727"]
[BlackFideId "16275675"]
[EventCountry "GER"]
[EventRounds "9"]
[EventType "swiss"]
[EventDate "2023.05.27"]

1. e4 {[%clk 01:30:54]} {[%emt 00:00:06]} e6 {[%clk 01:30:56]} {[%emt
00:00:04]} 2. d4 {[%clk 01:30:53]} {[%emt 00:00:31]} d5 {[%clk 01:31:19]}
{[%emt 00:00:06]} 3. Nc3 {[%clk 01:31:09]} {[%emt 00:00:14]} Nf6 {[%clk
01:31:42]} {[%emt 00:00:07]} 4. Bg5 {[%clk 01:31:14]} {[%emt 00:00:26]} dxe4
{[%clk 01:32:02]} {[%emt 00:00:10]} 5. Nxe4 {[%clk 01:26:03]} {[%emt 00:05:41]}
Be7 {[%clk 01:32:21]} {[%emt 00:00:09]} 6. Nxf6+ {[%clk 01:25:39]} {[%emt
00:00:56]} Bxf6 {[%clk 01:32:41]} {[%emt 00:00:10]} 7. Bxf6 {[%clk 01:26:01]}
{[%emt 00:00:08]} Qxf6 {[%clk 01:33:06]} {[%emt 00:00:05]} 8. Nf3 {[%clk
01:25:49]} {[%emt 00:00:42]} O-O {[%clk 01:33:11]} {[%emt 00:00:25]} 9. Bd3
{[%clk 01:25:48]} {[%emt 00:00:31]} Bd7 {[%clk 01:27:30]} {[%emt 00:06:11]} 10.
O-O {[%clk 01:19:33]} {[%emt 00:06:45]} Bc6 {[%clk 01:24:31]} {[%emt 00:03:29]}
11. Ne5 {[%clk 01:19:30]} {[%emt 00:00:33]} Rd8 {[%clk 01:22:03]} {[%emt
00:02:57]} 12. c3 {[%clk 01:12:15]} {[%emt 00:07:46]} Qg5 {[%clk 01:00:05]}
{[%emt 00:22:27]} 13. Nxc6 {[%clk 01:11:50]} {[%emt 00:00:56]} Nxc6 {[%clk
01:00:00]} {[%emt 00:00:33]} 14. Qc2 {[%clk 01:11:16]} {[%emt 00:01:05]} h6
{[%clk 01:00:06]} {[%emt 00:00:24]} 15. Be4 {[%clk 01:10:21]} {[%emt 00:01:25]}
Rd6 {[%clk 00:54:25]} {[%emt 00:06:12]} 16. Rae1 {[%clk 01:05:52]} {[%emt
00:04:59]} Rad8 {[%clk 00:45:35]} {[%emt 00:09:19]} 17. f4 {[%clk 01:02:44]}
{[%emt 00:03:38]} Qf6 {[%clk 00:41:59]} {[%emt 00:04:06]} 18. f5 {[%clk
00:56:51]} {[%emt 00:06:25]} e5 {[%clk 00:37:39]} {[%emt 00:04:48]} 19. Bxc6
{[%clk 00:54:22]} {[%emt 00:02:59]} Rxc6 {[%clk 00:30:33]} {[%emt 00:07:37]}
20. dxe5 {[%clk 00:50:42]} {[%emt 00:04:09]} Qg5 {[%clk 00:30:28]} {[%emt
00:00:35]} 21. Qe4 {[%clk 00:43:49]} {[%emt 00:07:23]} Re8 {[%clk 00:17:48]}
{[%emt 00:13:10]} 22. Rd1 {[%clk 00:41:38]} {[%emt 00:02:42]} Rc5 {[%clk
00:16:52]} {[%emt 00:01:26]} 23. e6 {[%clk 00:07:12]} {[%emt 00:34:57]} fxe6
{[%clk 00:13:48]} {[%emt 00:03:32]} 24. fxe6 {[%clk 00:07:38]} {[%emt
00:00:04]} Re5 {[%clk 00:12:51]} {[%emt 00:01:27]} 25. Qxb7 {[%clk 00:07:51]}
{[%emt 00:00:17]} Re2 {[%clk 00:10:33]} {[%emt 00:02:49]} 26. Qf3 {[%clk
00:03:50]} {[%emt 00:04:31]} R8xe6 {[%clk 00:09:16]} {[%emt 00:01:47]} 27. Rf2
{[%clk 00:02:30]} {[%emt 00:01:49]} R2e3 {[%clk 00:04:23]} {[%emt 00:05:24]}
28. Qf7+ {[%clk 00:01:29]} {[%emt 00:01:31]} Kh7 {[%clk 00:04:43]} {[%emt
00:00:10]} 29. Qf5+ {[%clk 00:01:55]} {[%emt 00:00:04]} Qxf5 {[%clk 00:04:49]}
{[%emt 00:00:24]} 30. Rxf5 {[%clk 00:02:24]} {[%emt 00:00:01]} Re2 {[%clk
00:04:13]} {[%emt 00:01:06]} 31. Rf2 {[%clk 00:02:40]} {[%emt 00:00:13]} Re1+
{[%clk 00:02:23]} {[%emt 00:02:20]} 32. Rxe1 {[%clk 00:02:49]} {[%emt
00:00:22]} Rxe1+ {[%clk 00:02:46]} {[%emt 00:00:06]} 33. Rf1 {[%clk 00:03:18]}
{[%emt 00:00:02]} Re2 {[%clk 00:02:41]} {[%emt 00:00:35]} 34. Rb1 {[%clk
00:03:44]} {[%emt 00:00:04]} Kg6 {[%clk 00:02:43]} {[%emt 00:00:28]} 35. Kf1
{[%clk 00:03:33]} {[%emt 00:00:40]} Rd2 {[%clk 00:02:58]} {[%emt 00:00:15]} 36.
a4 {[%clk 00:03:57]} {[%emt 00:00:07]} Rc2 {[%clk 00:02:49]} {[%emt 00:00:39]}
37. h3 {[%clk 00:03:06]} {[%emt 00:01:21]} Kf5 {[%clk 00:02:17]} {[%emt
00:01:02]} 38. Kg1 {[%clk 00:02:38]} {[%emt 00:00:58]} Kg5 {[%clk 00:01:25]}
{[%emt 00:01:22]} 39. Kh2 {[%clk 00:01:01]} {[%emt 00:02:07]} Kh4 {[%clk
00:01:08]} {[%emt 00:00:47]} 40. Rd1 {[%clk 00:00:45]} {[%emt 00:00:45]} Rxb2
{[%clk 00:00:33]} {[%emt 00:01:06]} 41. Rd7 {[%clk 00:29:53]} {[%emt 00:01:22]}
g6 {[%clk 00:27:43]} {[%emt 00:03:20]} 42. Rxc7 {[%clk 00:29:25]} {[%emt
00:00:58]} Rc2 {[%clk 00:23:47]} {[%emt 00:04:25]} 43. Rxa7 {[%clk 00:27:11]}
{[%emt 00:02:45]} Rxc3 {[%clk 00:23:32]} {[%emt 00:00:45]} 44. Rb7 {[%clk
00:26:55]} {[%emt 00:00:45]} Kg5 {[%clk 00:13:20]} {[%emt 00:10:42]} 45. Rb4
{[%clk 00:13:10]} {[%emt 00:14:14]} Ra3 {[%clk 00:12:34]} {[%emt 00:01:18]} 46.
Kg1 {[%clk 00:12:53]} {[%emt 00:00:47]} Ra2 {[%clk 00:11:51]} {[%emt 00:01:14]}
47. Kh2 {[%clk 00:08:15]} {[%emt 00:05:07]} Ra3 {[%clk 00:11:34]} {[%emt
00:00:46]} 48. g3 {[%clk 00:05:56]} {[%emt 00:02:49]} Ra2+ {[%clk 00:11:24]}
{[%emt 00:00:40]} 49. Kg1 {[%clk 00:06:22]} {[%emt 00:00:04]} Ra3 {[%clk
00:10:02]} {[%emt 00:01:52]} 50. Kf2 {[%clk 00:06:17]} {[%emt 00:00:35]} Kf5
{[%clk 00:04:13]} {[%emt 00:06:19]} 51. Rf4+ {[%clk 00:02:59]} {[%emt
00:03:48]} Ke5 {[%clk 00:03:42]} {[%emt 00:01:01]} 52. Rg4 {[%clk 00:03:13]}
{[%emt 00:00:16]} Kf5 {[%clk 00:03:02]} {[%emt 00:01:10]} 53. Ke2 {[%clk
00:01:27]} {[%emt 00:02:16]} h5 {[%clk 00:02:55]} {[%emt 00:00:37]} 54. Rf4+
{[%clk 00:01:53]} {[%emt 00:00:04]} Ke5 {[%clk 00:03:11]} {[%emt 00:00:14]} 55.
Kf2 {[%clk 00:01:00]} {[%emt 00:01:23]} Ra2+ {[%clk 00:03:28]} {[%emt
00:00:13]} 56. Ke1 {[%clk 00:01:18]} {[%emt 00:00:13]} Ra3 {[%clk 00:03:47]}
{[%emt 00:00:11]} 57. Kf2 {[%clk 00:01:37]} {[%emt 00:00:11]} Ra2+ {[%clk
00:04:12]} {[%emt 00:00:05]} 58. Kf1 {[%clk 00:02:04]} {[%emt 00:00:03]} Ra3
{[%clk 00:04:35]} {[%emt 00:00:07]} 59. Kf2 {[%clk 00:01:18]} {[%emt 00:01:16]}
1/2-1/2

[Event "ODJM B 2023"]
[Site "Willingen GER"]
[Date "2023.06.02"]
[Round "8"]
[White "Friemel, Tim"]
[Black "Glotz, Richard"]
[Result "1-0"]
[Termination "normal"]
[Board "7"]
[WhiteElo "1692"]
[BlackElo "1591"]
[WhiteClock "00:02:41"]
[BlackClock "00:00:32"]
[PlyCount "135"]
[WhiteFideId "34607021"]
[BlackFideId "34601520"]
[EventCountry "GER"]
[EventRounds "9"]
[EventType "swiss"]
[EventDate "2023.05.27"]

1. d4 {[%clk 01:30:28]} {[%emt 00:00:32]} Nf6 {[%clk 01:30:54]} {[%emt
00:00:06]} 2. c4 {[%clk 01:30:03]} {[%emt 00:00:54]} c5 {[%clk 01:31:18]}
{[%emt 00:00:07]} 3. Nf3 {[%clk 01:29:36]} {[%emt 00:00:57]} g6 {[%clk
01:29:32]} {[%emt 00:02:16]} 4. Nc3 {[%clk 01:28:58]} {[%emt 00:01:06]} cxd4
{[%clk 01:27:59]} {[%emt 00:02:05]} 5. Nxd4 {[%clk 01:28:25]} {[%emt 00:01:02]}
Bg7 {[%clk 01:23:36]} {[%emt 00:04:52]} 6. e4 {[%clk 01:26:40]} {[%emt
00:02:16]} d6 {[%clk 01:22:59]} {[%emt 00:01:08]} 7. Be2 {[%clk 01:25:53]}
{[%emt 00:01:17]} Nc6 {[%clk 01:21:19]} {[%emt 00:02:10]} 8. Be3 {[%clk
01:24:21]} {[%emt 00:02:00]} O-O {[%clk 01:21:39]} {[%emt 00:00:11]} 9. O-O
{[%clk 01:23:28]} {[%emt 00:01:21]} Nxd4 {[%clk 01:22:00]} {[%emt 00:00:11]}
10. Bxd4 {[%clk 01:23:24]} {[%emt 00:00:34]} Bd7 {[%clk 01:22:22]} {[%emt
00:00:09]} 11. f3 {[%clk 01:14:54]} {[%emt 00:08:59]} Bc6 {[%clk 01:21:55]}
{[%emt 00:00:58]} 12. Qd2 {[%clk 01:13:18]} {[%emt 00:02:06]} Nd7 {[%clk
01:22:14]} {[%emt 00:00:11]} 13. Be3 {[%clk 01:11:18]} {[%emt 00:02:30]} a5
{[%clk 01:22:27]} {[%emt 00:00:17]} 14. Rfd1 {[%clk 01:08:56]} {[%emt
00:02:51]} a4 {[%clk 01:12:16]} {[%emt 00:10:42]} 15. Rac1 {[%clk 01:06:42]}
{[%emt 00:02:44]} Nc5 {[%clk 01:10:29]} {[%emt 00:02:18]} 16. Nd5 {[%clk
01:04:28]} {[%emt 00:02:43]} Bxd5 {[%clk 01:06:39]} {[%emt 00:04:20]} 17. cxd5
{[%clk 01:02:56]} {[%emt 00:02:01]} Qb6 {[%clk 00:53:45]} {[%emt 00:13:24]} 18.
Rc2 {[%clk 00:59:37]} {[%emt 00:03:48]} Rfc8 {[%clk 00:53:14]} {[%emt
00:01:02]} 19. Rdc1 {[%clk 00:57:46]} {[%emt 00:02:22]} Qd8 {[%clk 00:46:14]}
{[%emt 00:07:30]} 20. Qb4 {[%clk 00:43:58]} {[%emt 00:14:17]} b6 {[%clk
00:42:36]} {[%emt 00:04:09]} 21. Bb5 {[%clk 00:42:23]} {[%emt 00:02:05]} Rcb8
{[%clk 00:37:23]} {[%emt 00:05:43]} 22. Qd2 {[%clk 00:34:41]} {[%emt 00:08:11]}
Ra7 {[%clk 00:33:37]} {[%emt 00:04:16]} 23. Bc6 {[%clk 00:22:51]} {[%emt
00:12:20]} a3 {[%clk 00:27:39]} {[%emt 00:06:29]} 24. b3 {[%clk 00:19:30]}
{[%emt 00:03:51]} Bb2 {[%clk 00:25:36]} {[%emt 00:02:32]} 25. Rd1 {[%clk
00:15:51]} {[%emt 00:04:09]} Rc7 {[%clk 00:16:11]} {[%emt 00:09:56]} 26. Qb4
{[%clk 00:15:12]} {[%emt 00:01:09]} Nd7 {[%clk 00:14:51]} {[%emt 00:01:50]} 27.
f4 {[%clk 00:13:57]} {[%emt 00:01:45]} Nc5 {[%clk 00:14:32]} {[%emt 00:00:49]}
28. Bd4 {[%clk 00:11:22]} {[%emt 00:03:05]} Bxd4+ {[%clk 00:12:44]} {[%emt
00:02:17]} 29. Rxd4 {[%clk 00:11:39]} {[%emt 00:00:14]} Ra7 {[%clk 00:11:32]}
{[%emt 00:01:42]} 30. Qd2 {[%clk 00:11:26]} {[%emt 00:00:42]} Qf8 {[%clk
00:10:08]} {[%emt 00:01:54]} 31. Qe2 {[%clk 00:09:20]} {[%emt 00:02:36]} Qg7
{[%clk 00:09:35]} {[%emt 00:01:03]} 32. e5 {[%clk 00:09:10]} {[%emt 00:00:40]}
dxe5 {[%clk 00:08:39]} {[%emt 00:01:26]} 33. fxe5 {[%clk 00:09:32]} {[%emt
00:00:08]} Rd8 {[%clk 00:07:14]} {[%emt 00:01:55]} 34. Rcd2 {[%clk 00:09:09]}
{[%emt 00:00:53]} h5 {[%clk 00:05:57]} {[%emt 00:01:47]} 35. Qe3 {[%clk
00:04:19]} {[%emt 00:05:21]} Kh7 {[%clk 00:04:40]} {[%emt 00:01:46]} 36. Rf2
{[%clk 00:04:24]} {[%emt 00:00:25]} Nd7 {[%clk 00:03:11]} {[%emt 00:01:59]} 37.
Bxd7 {[%clk 00:01:24]} {[%emt 00:03:31]} Raxd7 {[%clk 00:03:38]} {[%emt
00:00:02]} 38. Rfd2 {[%clk 00:01:42]} {[%emt 00:00:12]} Qf8 {[%clk 00:01:20]}
{[%emt 00:02:48]} 39. R4d3 {[%clk 00:01:55]} {[%emt 00:00:18]} b5 {[%clk
00:01:11]} {[%emt 00:00:38]} 40. Qe4 {[%clk 00:01:19]} {[%emt 00:01:07]} Qg7
{[%clk 00:00:34]} {[%emt 00:01:06]} 41. h3 {[%clk 00:28:25]} {[%emt 00:03:25]}
Rc8 {[%clk 00:29:10]} {[%emt 00:01:53]} 42. Rf3 {[%clk 00:27:33]} {[%emt
00:01:22]} e6 {[%clk 00:24:32]} {[%emt 00:05:08]} 43. d6 {[%clk 00:26:38]}
{[%emt 00:01:25]} Rc5 {[%clk 00:23:39]} {[%emt 00:01:24]} 44. Rf6 {[%clk
00:26:21]} {[%emt 00:00:46]} Qg8 {[%clk 00:17:04]} {[%emt 00:07:05]} 45. Rdf2
{[%clk 00:25:54]} {[%emt 00:00:58]} Kg7 {[%clk 00:15:32]} {[%emt 00:02:02]} 46.
Qf4 {[%clk 00:23:44]} {[%emt 00:02:40]} Qe8 {[%clk 00:11:48]} {[%emt 00:04:13]}
47. Kh2 {[%clk 00:17:14]} {[%emt 00:07:00]} Rb7 {[%clk 00:09:50]} {[%emt
00:02:28]} 48. Qe3 {[%clk 00:14:44]} {[%emt 00:03:00]} Qc8 {[%clk 00:09:29]}
{[%emt 00:00:51]} 49. R6f4 {[%clk 00:14:03]} {[%emt 00:01:11]} Rd7 {[%clk
00:08:52]} {[%emt 00:01:07]} 50. Qe2 {[%clk 00:13:04]} {[%emt 00:01:29]} Qc6
{[%clk 00:07:40]} {[%emt 00:01:42]} 51. Qf1 {[%clk 00:11:34]} {[%emt 00:02:00]}
Qb7 {[%clk 00:07:22]} {[%emt 00:00:49]} 52. Qe1 {[%clk 00:09:50]} {[%emt
00:02:14]} Qd5 {[%clk 00:07:06]} {[%emt 00:00:45]} 53. Re4 {[%clk 00:09:57]}
{[%emt 00:00:23]} Qc6 {[%clk 00:05:14]} {[%emt 00:02:22]} 54. Qb4 {[%clk
00:08:36]} {[%emt 00:01:52]} Qb6 {[%clk 00:04:40]} {[%emt 00:01:03]} 55. Rfe2
{[%clk 00:08:25]} {[%emt 00:00:41]} Qa7 {[%clk 00:03:45]} {[%emt 00:01:26]} 56.
Qd4 {[%clk 00:07:54]} {[%emt 00:01:01]} Rc6 {[%clk 00:01:42]} {[%emt 00:02:33]}
57. Qd3 {[%clk 00:07:52]} {[%emt 00:00:31]} Qb7 {[%clk 00:01:24]} {[%emt
00:00:49]} 58. Rb4 {[%clk 00:07:48]} {[%emt 00:00:34]} Rc5 {[%clk 00:01:26]}
{[%emt 00:00:28]} 59. Qe3 {[%clk 00:04:53]} {[%emt 00:03:25]} Qc6 {[%clk
00:01:24]} {[%emt 00:00:31]} 60. Rd4 {[%clk 00:04:32]} {[%emt 00:00:51]} Rc3
{[%clk 00:01:12]} {[%emt 00:00:42]} 61. Rd3 {[%clk 00:04:29]} {[%emt 00:00:34]}
Rc5 {[%clk 00:01:13]} {[%emt 00:00:28]} 62. b4 {[%clk 00:03:27]} {[%emt
00:01:32]} Rc4 {[%clk 00:01:03]} {[%emt 00:00:40]} 63. Rxa3 {[%clk 00:03:50]}
{[%emt 00:00:08]} Rxb4 {[%clk 00:01:11]} {[%emt 00:00:22]} 64. Rc3 {[%clk
00:04:11]} {[%emt 00:00:08]} Rc4 {[%clk 00:01:00]} {[%emt 00:00:41]} 65. Rb3
{[%clk 00:03:57]} {[%emt 00:00:44]} Rc5 {[%clk 00:01:02]} {[%emt 00:00:28]} 66.
Qf4 {[%clk 00:03:35]} {[%emt 00:00:52]} Qa6 {[%clk 00:00:34]} {[%emt 00:00:58]}
67. Reb2 {[%clk 00:03:14]} {[%emt 00:00:51]} Qa5 {[%clk 00:00:32]} {[%emt
00:00:32]} 68. Rb4 {[%clk 00:02:41]} {[%emt 00:01:03]} 1-0